[Event "ROM-chT Rapid"]
[Site "Sebes"]
[Date "2023.12.02"]
[Round "6.15"]
[White "Costin, Alexandru"]
[Black "Stingu, Alin"]
[Result "1/2-1/2"]
[WhiteElo "2064"]
[BlackElo "1758"]
[PlyCount "146"]
[EventDate "2023.12.02"]
[EventType "team-swiss (rapid)"]
[EventRounds "8"]
[EventCountry "ROU"]
[SourceTitle "CB49_2023"]
[SourceDate "2023.12.06"]
[SourceVersion "1"]
[SourceVersionDate "2023.12.06"]
[SourceQuality "1"]
[WhiteTeam "Buzau Gloria"]
[BlackTeam "Resita Muncitoresc"]
[WhiteTeamCountry "ROU"]
[BlackTeamCountry "ROU"]

1. c4 e6 2. g3 d5 3. Bg2 c5 4. d4 Nf6 5. Nf3 Nc6 6. 0-0 Be7 7. Nc3 0-0 8. cxd5 exd5 9. Bg5 c4 10. b3 cxb3 11. Qxb3 Na5 12. Qc2 h6 13. Bf4 Be6 14. Ne5 Rc8 15. Qd3 Nc4 16. Rab1 b6 17. Nb5 a6 18. Na7 Rc7 19. Nec6 Qd7 20. Bxc7 Qxc7 21. Nxe7+ Qxe7 22. Nc6 Qd6 23. Ne5 b5 24. f4 g6 25. Nxg6 fxg6 26. Qxg6+ Kh8 27. f5 Bf7 28. Qxh6+ Kg8 29. Qg5+ Kh7 30. Rf4 Nh5 31. Rh4 Qh6 32. Qxh6+ Kxh6 33. g4 Kg5 34. Rxh5+ Bxh5 35. gxh5 Rxf5 36. Rb3 Rf4 37. Rg3+ Kxh5 38. e3 Rf5 39. Rf3 Rg5 40. Kf2 Rg7 41. Rh3+ Kg6 42. Rg3+ Kf6 43. Rxg7 Kxg7 44. Bxd5 Nb6 45. Bc6 Na4 46. d5 Nc3 47. d6 Kf6 48. e4 Ke6 49. e5 b4 50. d7 Ke7 51. Ke3 Nxa2 52. Kd2 b3 53. Bd5 Kxd7 54. Bxb3 Nb4 55. Ke3 Ke7 56. Ke4 Nc6 57. h4 Kf8 58. e6 Nd8 59. e7+ Kxe7 60. Kf5 Nc6 61. Kg6 Ne5+ 62. Kf5 Kf8 63. Kf6 Ng4+ 64. Kg6 Ne5+ 65. Kh7 Ng4 66. Be6 Nf6+ 67. Kg6 Ke7 68. Bc4 a5 69. Bb3 Ng4 70. h5 Ne5+ 71. Kg7 Ng4 72. Bd1 Ne3 73. h6 Nf5+ 1/2-1/2

[Event "ROM-chT Rapid"]
[Site "Sebes"]
[Date "2023.12.02"]
[Round "7.19"]
[White "Stingu, Alin"]
[Black "Oprea, Stefan Teodor"]
[Result "0-1"]
[WhiteElo "1758"]
[BlackElo "1660"]
[PlyCount "94"]
[EventDate "2023.12.02"]
[EventType "team-swiss (rapid)"]
[EventRounds "8"]
[EventCountry "ROU"]
[SourceTitle "CB49_2023"]
[SourceDate "2023.12.06"]
[SourceVersion "1"]
[SourceVersionDate "2023.12.06"]
[SourceQuality "1"]
[WhiteTeam "Resita Muncitoresc"]
[BlackTeam "Craiova"]
[WhiteTeamCountry "ROU"]
[BlackTeamCountry "ROU"]

1. e4 c5 2. Nf3 Nc6 3. Bb5 Nd4 4. Nxd4 cxd4 5. Be2 g6 6. d3 Bg7 7. 0-0 d6 8. f4 Nh6 9. Nd2 f5 10. Nf3 0-0 11. e5 dxe5 12. Nxe5 Nf7 13. Nxf7 Rxf7 14. Bf3 e5 15. fxe5 Rc7 16. Re1 Be6 17. Bd2 Rc5 18. Bb4 Rxe5 19. Rxe5 Bxe5 20. Qe2 Qc7 21. g3 a5 22. Bd2 Re8 23. Re1 Bd7 24. Bh6 Bg7 25. Bd5+ Kf8 26. Bxg7+ Kxg7 27. Qf2 Rxe1+ 28. Qxe1 Bc6 29. Bxc6 Qxc6 30. Qe5+ Kg8 31. Qxd4 Qxc2 32. Qc4+ Qxc4 33. dxc4 Kf7 34. Kf2 Ke6 35. Ke3 Ke5 36. b3 g5 37. h4 f4+ 38. gxf4+ gxf4+ 39. Kf3 Kd4 40. Kxf4 Kc3 41. Kg5 Kb2 42. Kh6 Kxa2 43. Kxh7 Kxb3 44. Kg8 a4 45. h5 a3 46. h6 a2 47. h7 a1Q 0-1

[Event "ROM-ch U14"]
[Site "Mamaia"]
[Date "2021.04.13"]
[Round "9"]
[White "Stingu, Alin"]
[Black "Toma, Iustin"]
[Result "1/2-1/2"]
[WhiteElo "1643"]
[BlackElo "1231"]
[PlyCount "122"]
[EventDate "2021.04.07"]
[EventType "swiss"]
[EventRounds "9"]
[EventCountry "ROU"]
[SourceTitle "EXT 2022"]
[Source "ChessBase"]
[SourceDate "2021.10.06"]
[SourceVersion "1"]
[SourceVersionDate "2021.10.06"]
[SourceQuality "1"]

1. e4 e5 2. Nf3 Nc6 3. Bc4 Nf6 4. d3 h6 5. h3 Bc5 6. Nc3 0-0 7. Be3 Bb6 8. 0-0 d6 9. Re1 Bd7 10. d4 exd4 11. Bxd4 Nxd4 12. Nxd4 Re8 13. Qd3 a6 14. a4 Bc6 15. Nf5 Bd7 16. Nd4 Qe7 17. Re3 Qe5 18. Rd1 Nh5 19. Nf3 Qa5 20. Nd4 Qg5 21. Nf3 Qd8 22. Ree1 Nf4 23. Qd2 Ng6 24. Bb3 Ne5 25. Nxe5 Rxe5 26. Qf4 Be6 27. Qxe5 dxe5 28. Rxd8+ Rxd8 29. Bxe6 fxe6 30. Rd1 Bd4 31. Rd3 Rd6 32. Ne2 Kf7 33. Rb3 b6 34. Rf3+ Kg6 35. b4 b5 36. axb5 axb5 37. Rd3 Bb6 38. Kf1 Rxd3 39. cxd3 c5 40. bxc5 Bxc5 41. Nc1 Kf6 42. Ke2 b4 43. Nb3 Bd4 44. f4 Bg1 45. fxe5+ Kxe5 46. Kf3 h5 47. g4 g6 48. gxh5 gxh5 49. Kg3 Kf6 50. d4 Kg5 51. h4+ Kf6 52. Kg2 Be3 53. Kf3 Bh6 54. Ke2 Ke7 55. Kd3 Bf4 56. Kc4 Bg3 57. Nd2 Bxh4 58. Nf3 Bg3 59. Kxb4 h4 60. d5 e5 61. Ng1 Kd7 1/2-1/2

[Event "ROM-ch U14"]
[Site "Mamaia"]
[Date "2021.04.10"]
[Round "5"]
[White "Soare, Andrei"]
[Black "Stingu, Alin"]
[Result "0-1"]
[WhiteElo "1155"]
[BlackElo "1643"]
[PlyCount "113"]
[EventDate "2021.04.07"]
[EventType "swiss"]
[EventRounds "9"]
[EventCountry "ROU"]
[SourceTitle "EXT 2022"]
[Source "ChessBase"]
[SourceDate "2021.10.06"]
[SourceVersion "1"]
[SourceVersionDate "2021.10.06"]
[SourceQuality "1"]

1. e4 c5 2. Nf3 d6 3. d4 cxd4 4. Nxd4 Nf6 5. Nc3 a6 6. f4 e6 7. a4 b6 8. Bc4 Bb7 9. Qe2 Be7 10. 0-0 d5 11. exd5 Bc5 12. Be3 Nxd5 13. Nxd5 Bxd5 14. Bxd5 Qxd5 15. Nb3 Bxe3+ 16. Qxe3 Qc6 17. Qf3 0-0 18. Nd4 Qxf3 19. Rxf3 Rc8 20. Rd3 Nc6 21. Nxc6 Rxc6 22. c3 Kf8 23. Rad1 Ra7 24. Rd6 Rac7 25. Rd8+ Ke7 26. R1d4 Rc4 27. Kf2 a5 28. Ke3 Rxa4 29. Rxa4 Kxd8 30. Rd4+ Ke7 31. Kd3 Rc5 32. g4 f6 33. Rc4 Rxc4 34. Kxc4 Kd6 35. Kb5 e5 36. fxe5+ fxe5 37. Kc4 Ke6 38. Kd3 Kf6 39. h4 h5 40. gxh5 Kf5 41. Ke3 Kg4 42. h6 gxh6 43. Ke4 Kxh4 44. Kxe5 Kg3 45. Kd5 h5 46. Kc6 h4 47. Kxb6 h3 48. Kxa5 h2 49. Kb4 h1Q 50. c4 Qe4 51. b3 Qb7+ 52. Ka4 Kf4 53. b4 Qa6+ 54. Kb3 Ke5 55. Kc3 Qa3+ 56. Kc2 Qxb4 57. Kd3 0-1

[Event "ROM-ch U14"]
[Site "Mamaia"]
[Date "2021.04.09"]
[Round "4"]
[White "Stingu, Alin"]
[Black "Saioc, David"]
[Result "0-1"]
[WhiteElo "1643"]
[BlackElo "1878"]
[PlyCount "76"]
[EventDate "2021.04.07"]
[EventType "swiss"]
[EventRounds "9"]
[EventCountry "ROU"]
[SourceTitle "EXT 2022"]
[Source "ChessBase"]
[SourceDate "2021.10.06"]
[SourceVersion "1"]
[SourceVersionDate "2021.10.06"]
[SourceQuality "1"]

1. e4 c6 2. d4 d5 3. Nc3 dxe4 4. Nxe4 Nf6 5. Nxf6+ exf6 6. Nf3 Bg4 7. Be2 Bd6 8. 0-0 0-0 9. b3 Bc7 10. a4 Re8 11. h3 Bh5 12. Ba3 Nd7 13. Re1 Nf8 14. Bb2 Ne6 15. Nh2 Qd6 16. Nf1 Bg6 17. Bd3 Bxd3 18. Qxd3 Rad8 19. Rad1 h6 20. Re4 Ng5 21. Re3 Bb6 22. Ng3 Qd7 23. Nh5 Bc7 24. Rde1 Ne6 25. Qe2 Bb6 26. Qg4 Kh8 27. c3 Rg8 28. Qh4 f5 29. g3 g5 30. d5 gxh4 31. Rxe6 fxe6 32. c4+ Kh7 33. Nf6+ Kg6 34. Nxd7 Rxd7 35. Rxe6+ Kf7 36. Rxh6 hxg3 37. Rf6+ Ke8 38. Re6+ Re7 0-1

[Event "ROM-ch U14"]
[Site "Mamaia"]
[Date "2021.04.08"]
[Round "2"]
[White "Ciocani, Iosif"]
[Black "Stingu, Alin"]
[Result "1-0"]
[WhiteElo "1910"]
[BlackElo "1643"]
[PlyCount "39"]
[EventDate "2021.04.07"]
[EventType "swiss"]
[EventRounds "9"]
[EventCountry "ROU"]
[SourceTitle "EXT 2022"]
[Source "ChessBase"]
[SourceDate "2021.10.06"]
[SourceVersion "1"]
[SourceVersionDate "2021.10.06"]
[SourceQuality "1"]

1. e4 c5 2. Nf3 d6 3. d4 cxd4 4. Nxd4 Nf6 5. Nc3 a6 6. Bg5 e6 7. f4 Be7 8. Qf3 Qc7 9. 0-0-0 Nbd7 10. Bd3 b5 11. Rhe1 Bb7 12. Nd5 Nxd5 13. exd5 Bxd5 14. Nxe6 fxe6 15. Qh5+ Kf8 16. Bxe7+ Kxe7 17. Qxd5 Nc5 18. Bf5 Qd7 19. Bxe6 Nxe6 20. f5 1-0

[Event "ROM-ch U12"]
[Site "Calimanesti Caciulata"]
[Date "2019.04.21"]
[Round "8"]
[White "Ciocani, Iosif"]
[Black "Stingu, Alin"]
[Result "1-0"]
[WhiteElo "1741"]
[BlackElo "1511"]
[PlyCount "83"]
[EventDate "2019.04.15"]
[EventType "swiss"]
[EventRounds "9"]
[EventCountry "ROU"]
[SourceTitle "CBM 190 Extra"]
[Source "ChessBase"]
[SourceDate "2019.07.15"]
[SourceVersion "1"]
[SourceVersionDate "2019.07.15"]
[SourceQuality "1"]

1. e4 c5 2. Nf3 d6 3. d4 cxd4 4. Nxd4 Nf6 5. Nc3 a6 6. Be2 e5 7. Nb3 Be7 8. 0-0 Be6 9. f4 Nbd7 10. f5 Bxb3 11. axb3 b5 12. Bg5 0-0 13. Bxf6 Nxf6 14. Nd5 Nxd5 15. Qxd5 Qb6+ 16. Kh1 Rac8 17. c3 h6 18. b4 Ra8 19. h3 Kh7 20. Ra3 Qb8 21. Rfa1 Qb6 22. Bxb5 Qf2 23. Bxa6 Qxb2 24. b5 Kg8 25. c4 Bh4 26. R3a2 Qc3 27. b6 Rab8 28. b7 Kh7 29. Qxd6 Rfd8 30. Qa3 Qd4 31. c5 Bg5 32. c6 Bh4 33. Rf1 f6 34. c7 Rxb7 35. c8Q Rdd7 36. Qe8 Rd8 37. Qg6+ Kh8 38. Qe7 Rg8 39. Rc2 Qa4 40. Qexg7+ Rgxg7 41. Rc8+ Rg8 42. Rxg8# 1-0

[Event "ROM-ch U12"]
[Site "Calimanesti Caciulata"]
[Date "2019.04.18"]
[Round "5"]
[White "Neghiu, Cristian Andrei"]
[Black "Stingu, Alin"]
[Result "0-1"]
[WhiteElo "1800"]
[BlackElo "1511"]
[PlyCount "70"]
[EventDate "2019.04.15"]
[EventType "swiss"]
[EventRounds "9"]
[EventCountry "ROU"]
[SourceTitle "CBM 190 Extra"]
[Source "ChessBase"]
[SourceDate "2019.07.15"]
[SourceVersion "1"]
[SourceVersionDate "2019.07.15"]
[SourceQuality "1"]

1. d4 d5 2. Bf4 Nf6 3. e3 e6 4. Nf3 c5 5. c3 Nc6 6. Bd3 Be7 7. Nbd2 0-0 8. Rc1 a6 9. h3 b5 10. 0-0 Bb7 11. Qe2 cxd4 12. exd4 Na5 13. Ne5 Nc4 14. Ndf3 Bd6 15. b3 Nb6 16. g4 Ne4 17. Bb1 Rc8 18. Bxe4 dxe4 19. Ng5 f6 20. Nxe6 Qe7 21. Nxf8 Rxf8 22. Bg3 fxe5 23. c4 Ba3 24. Rcd1 exd4 25. Rxd4 Bc5 26. Rdd1 b4 27. Kh2 Nd7 28. f4 Nb8 29. Rfe1 Re8 30. Rd2 e3 31. Rd3 Be4 32. Rdd1 Nc6 33. Qb2 Rd8 34. h4 Bf3 35. Rxd8+ Qxd8 0-1

[Event "ROM-ch U12"]
[Site "Calimanesti Caciulata"]
[Date "2019.04.16"]
[Round "2"]
[White "Stingu, Alin"]
[Black "Constantinescu, Calin Theodor"]
[Result "1-0"]
[WhiteElo "1511"]
[BlackElo "1161"]
[PlyCount "65"]
[EventDate "2019.04.15"]
[EventType "swiss"]
[EventRounds "9"]
[EventCountry "ROU"]
[SourceTitle "CBM 190 Extra"]
[Source "ChessBase"]
[SourceDate "2019.07.15"]
[SourceVersion "1"]
[SourceVersionDate "2019.07.15"]
[SourceQuality "1"]

1. e4 c5 2. Nf3 d6 3. d4 cxd4 4. Nxd4 Nf6 5. Nc3 a6 6. Bg5 e6 7. f4 Be7 8. Qf3 0-0 9. 0-0-0 Qc7 10. g4 e5 11. Nf5 Rd8 12. Nxe7+ Qxe7 13. Nd5 Qf8 14. Bxf6 gxf6 15. Nxf6+ Kh8 16. Nh5 Nc6 17. Rg1 Nd4 18. Qf2 Be6 19. Kb1 Rac8 20. Bd3 b5 21. Rg3 b4 22. fxe5 dxe5 23. Qf6+ Kg8 24. Qxe5 Rc5 25. Nf6+ Kh8 26. Qf4 Bc4 27. Rh3 h5 28. Nxh5 f6 29. Bxc4 Rxc4 30. Rxd4 Rdc8 31. Nxf6+ Kg7 32. Rh7+ Kg6 33. Qf5# 1-0

[Event "ROM-ch U10"]
[Site "Calimanesti"]
[Date "2018.03.29"]
[Round "4"]
[White "Stanescu, Tudor Stefan"]
[Black "Stingu, Alin"]
[Result "0-1"]
[WhiteElo "1199"]
[BlackElo "1333"]
[PlyCount "106"]
[EventDate "2018.03.27"]
[EventType "swiss"]
[EventRounds "9"]
[EventCountry "ROU"]
[SourceTitle "CBM 183 Extra"]
[Source "ChessBase"]
[SourceDate "2018.04.19"]
[SourceVersion "1"]
[SourceVersionDate "2018.04.19"]
[SourceQuality "1"]

1. d4 d5 2. c3 e6 3. Nf3 Nf6 4. Bf4 Nbd7 5. e3 Be7 6. Bd3 b6 7. Nbd2 Bb7 8. 0-0 0-0 9. Re1 c5 10. Qc2 Rc8 11. Bg3 h6 12. e4 c4 13. Bf1 dxe4 14. Ne5 b5 15. Nxd7 Qxd7 16. Be5 Nd5 17. Nxe4 f5 18. Nd2 Bd6 19. Nf3 Nf6 20. Bxd6 Qxd6 21. Ne5 Nd7 22. Qe2 Rce8 23. b3 Nxe5 24. Qxe5 Qxe5 25. Rxe5 Bd5 26. b4 Ra8 27. Ree1 a5 28. a3 Ra7 29. g3 Rfa8 30. Rac1 axb4 31. axb4 Ra2 32. Bg2 Bxg2 33. Kxg2 Kf7 34. Re5 Rb8 35. Rce1 Rb6 36. d5 exd5 37. Rxf5+ Rf6 38. Rxf6+ Kxf6 39. Kf3 Rd2 40. Re3 d4 41. cxd4 Rxd4 42. Ke2 Kf5 43. f3 Rd5 44. f4 Kf6 45. g4 Rd7 46. Rc3 Ra7 47. h3 Ra2+ 48. Ke3 Rb2 49. Kd4 Rxb4 50. Kc5 Rb3 51. Kd4 Rxc3 52. Kxc3 h5 53. Kd4 Ke6 0-1

[Event "ROM-ch U10"]
[Site "Baile Felix"]
[Date "2017.02.06"]
[Round "6"]
[White "Stingu, Alin"]
[Black "Ciocani, Iosif"]
[Result "0-1"]
[WhiteElo "1354"]
[BlackElo "1226"]
[PlyCount "102"]
[EventDate "2017.02.02"]
[EventType "swiss"]
[EventRounds "9"]
[EventCountry "ROU"]
[SourceTitle "CBM 176 Extra"]
[Source "ChessBase"]
[SourceDate "2017.03.02"]
[SourceVersion "1"]
[SourceVersionDate "2017.03.02"]
[SourceQuality "1"]

1. e4 e5 2. Nf3 Nc6 3. Bc4 Bc5 4. d3 Nf6 5. Bg5 a6 6. Nc3 h6 7. Bh4 g5 8. Bg3 Na5 9. Bxe5 Nxc4 10. dxc4 d6 11. Bd4 Rg8 12. Bxc5 dxc5 13. Qxd8+ Kxd8 14. 0-0-0+ Ke8 15. Rhe1 c6 16. e5 Nh5 17. Na4 Nf4 18. Nxc5 Nxg2 19. Re4 Nf4 20. Kb1 b6 21. Red4 Bg4 22. Ne4 Kf8 23. Ned2 Kg7 24. Re1 Rad8 25. Ree4 Bf5 26. Rxd8 Rxd8 27. Rd4 Rxd4 28. Nxd4 Bd7 29. Ne4 Ne6 30. c3 Kg6 31. Kc2 c5 32. Nxe6 Bxe6 33. Nd6 Kh5 34. Kd3 Kg4 35. b4 Kf4 36. Ne4 Bf5 37. bxc5 bxc5 38. Kc2 Kxe5 39. f3 Bxe4+ 40. fxe4 Kxe4 41. Kd2 Kf3 42. Kd3 f5 43. a3 f4 44. Kd2 Kg2 45. h4 f3 46. h5 f2 47. a4 f1Q 48. a5 Qf2+ 49. Kd1 Kf3 50. Kc1 Ke3 51. Kb1 Kd3 0-1

[Event "ROM-ch U10"]
[Site "Baile Felix"]
[Date "2017.02.02"]
[Round "1"]
[White "Stingu, Alin"]
[Black "Stanescu, Tudor Stefan"]
[Result "0-1"]
[WhiteElo "1354"]
[BlackElo "1288"]
[PlyCount "54"]
[EventDate "2017.02.02"]
[EventType "swiss"]
[EventRounds "9"]
[EventCountry "ROU"]
[SourceTitle "CBM 176 Extra"]
[Source "ChessBase"]
[SourceDate "2017.03.02"]
[SourceVersion "1"]
[SourceVersionDate "2017.03.02"]
[SourceQuality "1"]

1. e4 d5 2. exd5 Nf6 3. Bb5+ Bd7 4. Bxd7+ Qxd7 5. Nf3 Nxd5 6. 0-0 Nc6 7. Nc3 0-0-0 8. Nxd5 Qxd5 9. d3 e5 10. Be3 e4 11. dxe4 Qxe4 12. Qe2 Nd4 13. Nxd4 Rxd4 14. Rad1 Bc5 15. Rxd4 Bxd4 16. Rd1 Re8 17. Qd3 Qxd3 18. Rxd3 Bxb2 19. g3 Bf6 20. Rd2 Rd8 21. Rxd8+ Kxd8 22. Bxa7 b6 23. c4 Kc8 24. c5 Kb7 25. cxb6 cxb6 26. Bxb6 Kxb6 27. Kf1 Kb5 0-1

[Event "ROM-ch U08"]
[Site "Calimanesti Caciulata"]
[Date "2016.04.24"]
[Round "8"]
[White "Stingu, Alin"]
[Black "Ionescu, Mihail"]
[Result "1-0"]
[WhiteElo "1066"]
[BlackElo "1271"]
[PlyCount "79"]
[EventDate "2016.04.18"]
[EventType "swiss"]
[EventRounds "9"]
[EventCountry "ROU"]
[SourceTitle "CBM 172 Extra"]
[Source "ChessBase"]
[SourceDate "2016.06.21"]
[SourceVersion "1"]
[SourceVersionDate "2016.06.21"]
[SourceQuality "1"]

1. e4 d6 2. d4 Nf6 3. Nc3 g6 4. Nf3 Bg7 5. Bg5 0-0 6. h3 c6 7. Bd3 Nbd7 8. Qd2 b6 9. g4 e5 10. d5 cxd5 11. Nxd5 h6 12. Bh4 g5 13. Bg3 Bb7 14. Nc3 Nc5 15. Qe2 Qd7 16. 0-0-0 Rad8 17. Nd2 Ne8 18. h4 gxh4 19. Rxh4 Nc7 20. f4 exf4 21. Bxf4 Rc8 22. Bxh6 d5 23. Qf3 dxe4 24. Ndxe4 Nxe4 25. Nxe4 Bxe4 26. Qxe4 Rfe8 27. Qh7+ Kf8 28. Qxg7+ Ke7 29. Bg5+ Kd6 30. Be4+ Kc5 31. Rxd7 Rxe4 32. Qc3+ Kb5 33. Qd3+ Rc4 34. b3 Ne6 35. a4+ Ka5 36. Rxa7+ Kb4 37. Be7+ R8c5 38. Qxc4+ Ka3 39. a5 bxa5 40. Rxa5# 1-0

[Event "ROM-ch U08"]
[Site "Calimanesti Caciulata"]
[Date "2016.04.22"]
[Round "6"]
[White "Stingu, Alin"]
[Black "Chiriac, Radu Bogdan"]
[Result "1-0"]
[WhiteElo "1066"]
[BlackElo "1001"]
[PlyCount "51"]
[EventDate "2016.04.18"]
[EventType "swiss"]
[EventRounds "9"]
[EventCountry "ROU"]
[SourceTitle "CBM 172 Extra"]
[Source "ChessBase"]
[SourceDate "2016.06.21"]
[SourceVersion "1"]
[SourceVersionDate "2016.06.21"]
[SourceQuality "1"]

1. e4 e6 2. d4 d5 3. exd5 exd5 4. Nf3 Nf6 5. Nc3 Bd6 6. Bd3 Be6 7. Be3 Qd7 8. 0-0 Nc6 9. a3 0-0-0 10. b4 a5 11. b5 Na7 12. Qb1 b6 13. Rc1 Kb7 14. Nd2 c6 15. a4 Bb4 16. Qb2 Bxc3 17. Qxc3 cxb5 18. axb5 Nxb5 19. Qb3 Na7 20. Rcb1 Qd6 21. Rxa5 Kc7 22. Rxa7+ Kb8 23. Rba1 Ng4 24. Ra8+ Kc7 25. R1a7+ Kc6 26. Qb5# 1-0

[Event "ROM-ch U08"]
[Site "Calimanesti Caciulata"]
[Date "2016.04.21"]
[Round "4"]
[White "Stingu, Alin"]
[Black "Cnejev, Vladimir Alexandru"]
[Result "0-1"]
[WhiteElo "1066"]
[BlackElo "1211"]
[PlyCount "52"]
[EventDate "2016.04.18"]
[EventType "swiss"]
[EventRounds "9"]
[EventCountry "ROU"]
[SourceTitle "CBM 172 Extra"]
[Source "ChessBase"]
[SourceDate "2016.06.21"]
[SourceVersion "1"]
[SourceVersionDate "2016.06.21"]
[SourceQuality "1"]

1. e4 e5 2. Nf3 Nc6 3. Bc4 Bc5 4. d3 d6 5. h3 h6 6. Nc3 Nf6 7. 0-0 g5 8. Nxg5 hxg5 9. Bxg5 Rg8 10. Qd2 Bb4 11. Bh4 Bxc3 12. bxc3 Nxe4 13. Qh6 Ng5 14. Qh5 d5 15. Bxd5 Qxd5 16. Bxg5 e4 17. Rfe1 Qxg5 18. Qxg5 Rxg5 19. Rxe4+ Re5 20. Rxe5+ Nxe5 21. Kf1 Ng6 22. Re1+ Be6 23. Kg1 0-0-0 24. Kf1 a6 25. Kg1 Bxa2 26. Kf1 Bd5 0-1

[Event "ROM-ch U08"]
[Site "Calimanesti Caciulata"]
[Date "2016.04.19"]
[Round "2"]
[White "Stingu, Alin"]
[Black "Alexandrescu, Bogdan Gabriel"]
[Result "0-1"]
[WhiteElo "1066"]
[BlackElo "1231"]
[PlyCount "36"]
[EventDate "2016.04.18"]
[EventType "swiss"]
[EventRounds "9"]
[EventCountry "ROU"]
[SourceTitle "CBM 172 Extra"]
[Source "ChessBase"]
[SourceDate "2016.06.21"]
[SourceVersion "1"]
[SourceVersionDate "2016.06.21"]
[SourceQuality "1"]

1. e4 e6 2. d4 d5 3. Nc3 Bb4 4. f3 dxe4 5. fxe4 Nf6 6. Qd3 c5 7. Nf3 cxd4 8. Nxd4 0-0 9. Bd2 b6 10. 0-0-0 Ba6 11. Qg3 Bxc3 12. Bh6 Nh5 13. Qg4 Bxd4 14. Qxh5 gxh6 15. c3 Be3+ 16. Kc2 Qg5 17. Qf3 Bxf1 18. Rhxf1 Nc6 0-1

[Event "ROM-ch U08"]
[Site "Calimanesti Caciulata"]
[Date "2016.04.18"]
[Round "1"]
[White "Onica, Victor Dominic"]
[Black "Stingu, Alin"]
[Result "0-1"]
[WhiteElo "1001"]
[BlackElo "1066"]
[PlyCount "34"]
[EventDate "2016.04.18"]
[EventType "swiss"]
[EventRounds "9"]
[EventCountry "ROU"]
[SourceTitle "CBM 172 Extra"]
[Source "ChessBase"]
[SourceDate "2016.06.21"]
[SourceVersion "1"]
[SourceVersionDate "2016.06.21"]
[SourceQuality "1"]

1. e4 e5 2. Nf3 Nc6 3. Nc3 Nf6 4. Bc4 Bc5 5. d3 h6 6. Bd2 d6 7. 0-0 Bg4 8. Qe2 0-0 9. Be3 Bb6 10. Bxb6 axb6 11. h3 Nd4 12. Qd1 Nxf3+ 13. gxf3 Bxh3 14. Re1 Nd5 15. Kh2 Qg5 16. Kxh3 Nf4+ 17. Kh2 Qg2# 0-1